000 00660nmm a2200193Ia 4500
008 251105s9999||||xx |||||||||||||||||und||
020 _a9780231124423
041 _aeng
100 _aServenti, Silvano
245 0 _aPasta :
_b The Story of a Universal Food
264 _a[Washington, Estados Unidos] :
_bColumbia University Press,
_c[Fecha de publicación no identificada]
300 _a0 páginas
490 _aArts and Traditions of the Table: Perspectives on Culinary History
700 _aServenti, Silvano
700 1 _a Sabban, Françoise
700 1 _a Shugaar, Antony
856 _uhttps://public.digitaliapublishing.com/a/75864
942 _cCF
999 _c71336
_d71336